000 01383nam a2200325 i 4500
001 000021681
003 DO-SdBNP
005 20260520104306.0
007 ta
008 100910s1962 dr r 000 0 spa d
040 _aDO-SdBNP
_bspa
_cBNPHU
_erda
082 4 _a327.2
_bV635d
_222
100 1 _aVicioso Soto, Horacio,
_923658
_eautor
245 1 0 _aDiplomacia :
_bciencia y arte /
_cHoracio Vicioso Soto.
264 _aSanto Domingo :
_bArte y Cine,
_c1962.
300 _a395 páginas:
_bilustraciones, mapa ;
_c24 cm.
336 _2rdacontent
_atexto
_btxt
337 _2rdamedia
_asin mediación
_bn
338 _2rdacarrier
_avolumen
_bnc
500 _aIncluye referencias bibliográficas y notas al pie de las páginas
504 _aBibliografía : p. 387-389
505 2 _aTres etapas de la diplomacia -
_t Órganos de las relaciones diplomáticas --
_g Acción diplomática --
_rOrganizaciones internacionales --
_tNormas protocolares --
_tCongresos y las conferencias internacionales --
_tConcertación de tratados --
_tCeremonia de cancillería: formulario de la correspondencia.
590 _aInventariado, 2018/MFF
650 4 _aDiplomacia
_xHistoria
_945110
650 0 _aRelaciones internacionales
_9399
650 0 _aOrganismos internacionales
_930389
650 0 _aDocumentos diplomáticos
_92999
910 _aValidado. Control de calidad MFF
942 _2ddc
_cLBS1
999 _c21180
_d21180